[Event "Montreal Pere Noel op"]
[Site "Montreal"]
[Date "2022.12.28"]
[Round "3"]
[White "Bassel, Charaf"]
[Black "Ouellet, Maili Jade"]
[Result "0-1"]
[WhiteElo "2006"]
[BlackElo "2220"]
[PlyCount "56"]
[EventDate "2022.12.27"]
[EventType "swiss"]
[EventRounds "5"]
[EventCountry "CAN"]
[SourceTitle "CBM 211 Extra"]
[Source "ChessBase"]
[SourceDate "2023.01.31"]
[SourceVersion "1"]
[SourceVersionDate "2023.01.31"]
[SourceQuality "1"]

1. b3 d5 2. Bb2 c5 3. e3 a6 4. g3 Nc6 5. Bg2 e5 6. Ne2 h5 7. 0-0 Nf6 8. c4 d4 9. exd4 exd4 10. Re1 Be7 11. d3 h4 12. Nd2 hxg3 13. hxg3 Bg4 14. f3 Bf5 15. Ne4 Bxe4 16. dxe4 g5 17. e5 Nh5 18. e6 fxe6 19. Qd3 Rh6 20. Kf2 Qd6 21. Rh1 0-0-0 22. g4 Nf4 23. Nxf4 Rxh1 24. Rxh1 Qxf4 25. Bc1 Ne5 26. Qh7 Nxg4+ 27. Ke2 d3+ 28. Qxd3 Qg3 0-1

[Event "Quebec op"]
[Site "Laval"]
[Date "2022.09.02"]
[Round "2"]
[White "Bassel, Charaf"]
[Black "Latreille, Etienne"]
[Result "0-1"]
[WhiteElo "2082"]
[BlackElo "1680"]
[PlyCount "92"]
[EventDate "2022.09.01"]
[EventType "swiss"]
[EventRounds "9"]
[EventCountry "CAN"]
[SourceTitle "CBM 210 Extra"]
[Source "ChessBase"]
[SourceDate "2022.11.30"]
[SourceVersion "1"]
[SourceVersionDate "2022.11.30"]
[SourceQuality "1"]

1. d4 d5 2. c4 c6 3. Nc3 Nf6 4. Nf3 a6 5. e3 Bf5 6. c5 Nbd7 7. Nh4 Bg6 8. Nxg6 hxg6 9. f4 e6 10. b4 Nh5 11. Ne2 a5 12. bxa5 Rxa5 13. g3 b6 14. Bd2 Ra7 15. cxb6 Nxb6 16. Bg2 Ba3 17. Kf2 Nf6 18. Bf3 Nc4 19. Bc3 Nd6 20. Qc2 Nfe4+ 21. Kg2 Nc4 22. Qd3 Nxc3 23. Nxc3 Bb2 24. a4 Bxa1 25. Rxa1 Rb7 26. Ra2 Qa5 27. Nd1 0-0 28. e4 Rfb8 29. Kh3 Rb3 30. Qe2 R8b4 31. Bg4 Rxa4 32. Rxa4 Qxa4 33. f5 exf5 34. exf5 Nd6 35. Qe7 Nxf5 36. Bxf5 gxf5 37. Qe8+ Kh7 38. Qxf7 Rb8 39. Qxf5+ Kg8 40. Qe6+ Kh8 41. Qe5 Qa7 42. Nf2 Qd7+ 43. Kg2 Rb2 44. h4 Qf7 45. Qe3 Qf5 46. Kg1 Qb1+ 0-1

[Event "CAN-ch University"]
[Site "Ottawa"]
[Date "2018.01.13"]
[Round "1"]
[White "D Souza, Justin Quinn"]
[Black "Bassel, Charaf"]
[Result "0-1"]
[WhiteElo "1902"]
[BlackElo "2201"]
[PlyCount "122"]
[EventDate "2018.01.13"]
[EventType "swiss"]
[EventRounds "5"]
[EventCountry "CAN"]
[SourceTitle "EXT 2022"]
[Source "ChessBase"]
[SourceDate "2021.10.06"]
[SourceVersion "1"]
[SourceVersionDate "2021.10.06"]
[SourceQuality "1"]

1. c4 Nc6 2. Nc3 e5 3. g3 f5 4. Bg2 Nf6 5. e3 g6 6. h4 Bg7 7. h5 gxh5 8. Nge2 d6 9. d4 Ne7 10. dxe5 dxe5 11. Qxd8+ Kxd8 12. b3 c6 13. Ba3 Ng6 14. 0-0-0+ Ke8 15. f3 Bh6 16. Rd3 f4 17. exf4 exf4 18. Nxf4 Nxf4 19. gxf4 Bxf4+ 20. Kd1 Bf5 21. Ne4 Nxe4 22. fxe4 Bg4+ 23. Kc2 Rd8 24. Rf1 Rxd3 25. Kxd3 Be5 26. Bc5 h4 27. Rh1 Bg3 28. e5 Kd7 29. Ke4 Ke6 30. Be3 Rf8 31. Bh3 Bxh3 32. Rxh3 Rf5 33. Bxa7 Rxe5+ 34. Kf3 Ra5 35. Be3 Rxa2 36. Bg5 Rb2 37. Bxh4 Bxh4 38. Rxh4 Rxb3+ 39. Ke4 Kd6 40. Rh5 b6 41. Kd4 c5+ 42. Ke4 Rc3 43. Rh6+ Kc7 44. Rxh7+ Kc6 45. Rh6+ Kb7 46. Rh7+ Ka6 47. Kd5 Rg3 48. Rh4 Ka5 49. Re4 Rd3+ 50. Ke5 Kb4 51. Rf4 Kc3 52. Rf6 Kxc4 53. Rxb6 Kc3 54. Rb5 c4 55. Ke4 Rd8 56. Rc5 Kb4 57. Rc7 Kb3 58. Rb7+ Kc2 59. Ke3 c3 60. Rb4 Re8+ 61. Kd4 Kd2 0-1

[Event "Montreal Winter Classic"]
[Site "Montreal"]
[Date "2018.01.04"]
[Round "3.1"]
[White "Bassel, Charaf"]
[Black "Tanaka, Taira Tyler"]
[Result "0-1"]
[WhiteElo "2158"]
[BlackElo "2119"]
[PlyCount "92"]
[EventDate "2018.01.02"]
[EventType "tourn"]
[EventRounds "5"]
[EventCountry "CAN"]
[SourceTitle "EXT 2022"]
[Source "ChessBase"]
[SourceDate "2021.10.06"]
[SourceVersion "1"]
[SourceVersionDate "2021.10.06"]
[SourceQuality "1"]

1. c4 Nf6 2. Nc3 g6 3. g3 Bg7 4. Bg2 0-0 5. Nf3 c5 6. 0-0 Nc6 7. d4 d6 8. d5 Na5 9. Nd2 a6 10. h3 Rb8 11. a4 e6 12. e4 exd5 13. exd5 Re8 14. Re1 Bf5 15. Ra3 Qd7 16. g4 Bd3 17. Rxe8+ Rxe8 18. Bf1 Bxf1 19. Kxf1 h5 20. f3 hxg4 21. hxg4 Nh7 22. Nce4 f5 23. gxf5 Qxf5 24. Ke2 Ng5 25. Re3 Re7 26. Kd3 b5 27. axb5 axb5 28. b3 Qe5 29. Qg1 Qd4+ 30. Ke2 Nxe4 31. fxe4 bxc4 32. Nf3 Qf6 33. e5 dxe5 34. Bb2 Nxb3 35. Bxe5 Nd4+ 36. Nxd4 Rxe5 37. Nc6 Rxe3+ 38. Qxe3 Qb2+ 39. Kf1 Qb1+ 40. Ke2 Qc2+ 41. Kf3 Qd1+ 42. Kg3 Qd3 43. Kf2 Bd4 44. Nxd4 Qxd4 45. d6 Qxe3+ 46. Kxe3 Kf7 0-1

[Event "Montreal Young Stars 2"]
[Site "Montreal"]
[Date "2017.12.16"]
[Round "6.2"]
[White "Bassel, Charaf"]
[Black "Tanaka, Taira Tyler"]
[Result "1-0"]
[WhiteElo "2073"]
[BlackElo "1993"]
[PlyCount "149"]
[EventDate "2017.12.09"]
[EventType "swiss"]
[EventRounds "8"]
[EventCountry "CAN"]
[SourceTitle "EXT 2022"]
[Source "ChessBase"]
[SourceDate "2021.10.06"]
[SourceVersion "1"]
[SourceVersionDate "2021.10.06"]
[SourceQuality "1"]

1. b3 Nf6 2. Bb2 g6 3. Bxf6 exf6 4. c4 Bg7 5. Nc3 0-0 6. g3 c6 7. Bg2 f5 8. Rc1 d6 9. e3 Nd7 10. Nge2 Nf6 11. 0-0 Re8 12. d3 Be6 13. Nf4 Qa5 14. Qc2 d5 15. b4 Qxb4 16. cxd5 Nxd5 17. Ncxd5 cxd5 18. Nxd5 Bxd5 19. Bxd5 Rad8 20. Bb3 Qd6 21. d4 Bf6 22. Qc7 Re7 23. Qxd6 Rxd6 24. Rc8+ Kg7 25. Rfc1 a6 26. Ra8 Red7 27. Rb8 Bd8 28. Rcc8 Kf6 29. Bd1 Ke7 30. Bf3 b5 31. Bc6 Rc7 32. d5 Rxc8 33. Rxc8 b4 34. Rb8 a5 35. Rb7+ Kf6 36. f4 Be7 37. g4 Bd8 38. g5+ Kg7 39. Kf2 Kf8 40. e4 fxe4 41. Ke3 Kg8 42. Kxe4 f6 43. h4 h6 44. gxh6 Kh8 45. Rg7 a4 46. f5 g5 47. h5 b3 48. axb3 axb3 49. Rb7 Ba5 50. Rxb3 Kh7 51. Be8 Kxh6 52. Bg6 Rd7 53. Rb8 Bd8 54. Ra8 Kg7 55. Ra6 Be7 56. Re6 Bd8 57. d6 Ra7 58. Re8 Bb6 59. Re7+ Kf8 60. Rxa7 Bxa7 61. h6 Kg8 62. d7 Bb6 63. Kd5 Ba5 64. Ke6 g4 65. Kxf6 g3 66. Bf7+ Kh7 67. Bd5 Kxh6 68. Ke7 Kg5 69. f6 Kg6 70. Be4+ Kg5 71. f7 g2 72. Bxg2 Kg6 73. Be4+ Kg5 74. f8Q Bb4+ 75. Ke8 1-0

[Event "Granby op"]
[Site "Granby"]
[Date "2017.11.25"]
[Round "2"]
[White "Chiku Ratte, Olivier Kenta"]
[Black "Bassel, Charaf"]
[Result "1-0"]
[WhiteElo "2457"]
[BlackElo "2099"]
[PlyCount "89"]
[EventDate "2017.11.24"]
[EventType "swiss"]
[EventRounds "5"]
[EventCountry "CAN"]
[SourceTitle "EXT 2022"]
[Source "ChessBase"]
[SourceDate "2021.10.06"]
[SourceVersion "1"]
[SourceVersionDate "2021.10.06"]
[SourceQuality "1"]

1. d4 d5 2. c4 c6 3. Nf3 Nf6 4. e3 Bg4 5. Nc3 e6 6. h3 Bxf3 7. Qxf3 Bb4 8. Bd3 0-0 9. Bd2 Re8 10. 0-0 Nbd7 11. Qd1 c5 12. cxd5 exd5 13. a3 Bxc3 14. bxc3 c4 15. Bc2 Ne4 16. Be1 Qa5 17. f3 Nef6 18. Qd2 Re6 19. g4 Rae8 20. Bf2 h6 21. Kg2 b5 22. a4 bxa4 23. Rxa4 Qc7 24. Rfa1 Ra8 25. Bg3 Qb7 26. h4 Rb6 27. R1a2 Nb8 28. Qe2 Re6 29. Bf4 Nc6 30. Bf5 Ree8 31. Rb2 Qe7 32. Ra6 Nd8 33. Be5 Ne6 34. Qf2 Red8 35. Qg3 Ne8 36. Bxe6 fxe6 37. g5 Kf7 38. Qf4+ Kg8 39. gxh6 Rd7 40. Qg4 Rb7 41. Rxb7 Qxb7 42. Qxe6+ Kh7 43. Qg6+ Kg8 44. Re6 Qf7 45. h7+ 1-0

[Event "Montreal op"]
[Site "Montreal"]
[Date "2017.09.10"]
[Round "5"]
[White "Durette, Francis"]
[Black "Bassel, Charaf"]
[Result "1/2-1/2"]
[WhiteElo "2023"]
[BlackElo "2079"]
[PlyCount "158"]
[EventDate "2017.09.08"]
[EventType "swiss"]
[EventRounds "5"]
[EventCountry "CAN"]
[SourceTitle "CBM 180 Extra"]
[Source "ChessBase"]
[SourceDate "2017.10.06"]
[SourceVersion "1"]
[SourceVersionDate "2017.10.06"]
[SourceQuality "1"]

1. c4 Nf6 2. Nc3 g6 3. g3 d5 4. cxd5 Nxd5 5. Bg2 Nxc3 6. bxc3 c5 7. Qa4+ Nd7 8. Rb1 Qc7 9. Nh3 Bg7 10. Nf4 e6 11. h4 0-0 12. h5 a6 13. hxg6 hxg6 14. Ba3 Rb8 15. Nh3 Bf6 16. Qg4 Rd8 17. Ng5 Qe5 18. Ne4 Be7 19. Qh3 Qg7 20. f4 f5 21. Nf2 Kf7 22. Qh7 b5 23. Nd3 Bb7 24. Bxb7 Rxb7 25. Kf2 Rbb8 26. c4 b4 27. Bb2 Bf6 28. Bxf6 Kxf6 29. g4 Rh8 30. g5+ Kf7 31. Qxg7+ Kxg7 32. Kg2 a5 33. Rhf1 a4 34. Rf3 Kf7 35. Re3 Ke7 36. Ne5 Nxe5 37. Rxe5 Kd6 38. e4 fxe4 39. Rxe4 b3 40. axb3 axb3 41. Re3 b2 42. Ra3 Rb6 43. Ra2 Rhb8 44. Kf3 e5 45. Ke4 exf4 46. Kxf4 Rb4 47. Ra6+ R8b6 48. Rxb6+ Rxb6 49. Ke4 Rb4 50. d3 Kc6 51. Kf4 Kd6 52. Ke4 Rb8 53. Kf4 Rf8+ 54. Ke4 Rf2 55. Ke3 Rc2 56. d4 Rg2 57. Kf3 Rc2 58. Ke3 Rg2 59. Kf3 Rxg5 60. dxc5+ Kxc5 61. Rxb2 Kxc4 62. Rd2 Rg1 63. Kf2 Rg5 64. Kf3 Rd5 65. Rxd5 Kxd5 66. Kg4 Ke6 67. Kg5 Kf7 68. Kg4 Kf6 69. Kf4 g5+ 70. Kg4 Kg6 71. Kg3 Kf6 72. Kg4 Kg6 73. Kg3 Kf5 74. Kf3 g4+ 75. Kg3 Kg5 76. Kg2 Kf4 77. Kf2 Kf5 78. Kg3 Kg5 79. Kg2 Kf4 1/2-1/2

[Event "Montreal op"]
[Site "Montreal"]
[Date "2017.09.09"]
[Round "2"]
[White "Bassel, Charaf"]
[Black "Berube, Antoine"]
[Result "1-0"]
[WhiteElo "2079"]
[BlackElo "2143"]
[PlyCount "79"]
[EventDate "2017.09.08"]
[EventType "swiss"]
[EventRounds "5"]
[EventCountry "CAN"]
[SourceTitle "CBM 180 Extra"]
[Source "ChessBase"]
[SourceDate "2017.10.06"]
[SourceVersion "1"]
[SourceVersionDate "2017.10.06"]
[SourceQuality "1"]

1. e3 d5 2. Nf3 Nf6 3. c4 c6 4. b3 Bg4 5. Be2 e6 6. Bb2 Nbd7 7. 0-0 Bd6 8. d3 0-0 9. Nbd2 Qe7 10. Re1 e5 11. e4 Bxf3 12. Bxf3 d4 13. a3 a5 14. g3 Nc5 15. Qc2 Ne6 16. Bg2 Nd7 17. Nf3 f6 18. Reb1 b5 19. Bc1 b4 20. a4 Ndc5 21. Bd2 g6 22. Nh4 Qc7 23. Bh3 Rae8 24. Rf1 Rf7 25. Rae1 Ree7 26. Ng2 f5 27. exf5 gxf5 28. Nh4 Ng7 29. Bh6 e4 30. Bxg7 exd3 31. Qd1 Rxe1 32. Rxe1 Kxg7 33. Nxf5+ Kh8 34. Qg4 Be5 35. f4 Bd6 36. Re8+ Rf8 37. Qg5 Ne4 38. Rxe4 d2 39. Bg4 d3 40. Re7 1-0

[Event "Laval op"]
[Site "Laval"]
[Date "2017.06.25"]
[Round "4"]
[White "Lopez Linares, Lizandro Fernando"]
[Black "Bassel, Charaf"]
[Result "1-0"]
[WhiteElo "2136"]
[BlackElo "2127"]
[PlyCount "139"]
[EventDate "2017.06.23"]
[EventType "swiss"]
[EventRounds "5"]
[EventCountry "CAN"]
[SourceTitle "CBM 179 Extra"]
[Source "ChessBase"]
[SourceDate "2017.08.23"]
[SourceVersion "1"]
[SourceVersionDate "2017.08.23"]
[SourceQuality "1"]

1. d4 d5 2. Nf3 Nf6 3. c4 c6 4. Nc3 e6 5. Bg5 h6 6. Bxf6 Qxf6 7. e3 Nd7 8. Rc1 g6 9. a3 Bg7 10. cxd5 exd5 11. b4 a6 12. Na4 0-0 13. Be2 Re8 14. 0-0 b5 15. Nc5 Nxc5 16. bxc5 a5 17. a4 b4 18. Nd2 h5 19. Nb3 Qg5 20. Kh1 Bf5 21. Rg1 h4 22. Bf3 Bf6 23. h3 Bd8 24. Re1 Bc7 25. Nd2 Rab8 26. Qb3 Kg7 27. Re2 Bc8 28. Qd3 f5 29. Ree1 Qh6 30. Bd1 g5 31. Rg1 Kf7 32. Bb3 Ke7 33. Rce1 Kd8 34. Bc2 Qg7 35. f3 Ra8 36. Nf1 Bb8 37. Qd1 g4 38. e4 fxe4 39. fxe4 dxe4 40. d5 Qd7 41. d6 Qf5 42. hxg4 Qxc5 43. Bxe4 Qxd6 44. Qc2 Kc7 45. Rd1 Qxd1 46. Qxd1 Rxe4 47. Qd3 Rxg4 48. Ne3 Rg7 49. Rc1 Ra6 50. Nf5 Rd7 51. Qe4 Ba7 52. Ne7 Bb7 53. Qe5+ Kb6 54. Qe6 Kc7 55. Qe5+ Kb6 56. Qf6 Kc7 57. Nf5 Bf2 58. Qe5+ Kb6 59. Nd6 Bg3 60. Nc4+ Ka7 61. Qc5+ Kb8 62. Nxa5 Bd6 63. Qf5 Rc7 64. Nc4 Be7 65. Re1 Bc8 66. Qf4 Bc5 67. Re5 Ba7 68. Re7 Bb6 69. Nxb6 Raa7 70. Rxc7 1-0

[Event "LIB-chT"]
[Site "Beirut"]
[Date "2016.07.25"]
[Round "4.2"]
[White "Rashidi, Rabih"]
[Black "Bassel, Charaf"]
[Result "0-1"]
[WhiteElo "1843"]
[BlackElo "2109"]
[PlyCount "124"]
[EventDate "2016.07.22"]
[EventType "team-tourn"]
[EventRounds "9"]
[EventCountry "LBN"]
[SourceTitle "EXT 2017"]
[Source "ChessBase"]
[SourceDate "2016.10.25"]
[SourceVersion "1"]
[SourceVersionDate "2016.10.25"]
[SourceQuality "1"]
[WhiteTeam "Tanmiya"]
[BlackTeam "Ansar"]
[WhiteTeamCountry "LBN"]
[BlackTeamCountry "LBN"]

1. e4 e5 2. Nf3 Nc6 3. Bb5 a6 4. Ba4 Nf6 5. 0-0 Be7 6. c3 0-0 7. d3 b5 8. Bb3 d6 9. h3 Na5 10. Bc2 c5 11. Bg5 h6 12. Bh4 Nh5 13. Bxe7 Qxe7 14. Kh2 Nf4 15. Ng1 Qe6 16. Nd2 Kh8 17. Qf3 Bb7 18. Ne2 f5 19. Nxf4 exf4 20. b4 fxe4 21. Nxe4 cxb4 22. cxb4 Nc6 23. Bb3 Qe7 24. Rfe1 Ne5 25. Qd1 Qh4 26. f3 Bxe4 27. Rxe4 Rac8 28. d4 Nc4 29. Bxc4 bxc4 30. Qe1 Qxe1 31. Raxe1 c3 32. Rc1 Rf5 33. Kg1 Rb5 34. a3 a5 35. bxa5 Rxa5 36. Re6 Rc6 37. Kf1 Rxa3 38. Rc2 Rb6 39. Re8+ Kh7 40. Rc8 Rb4 41. d5 Rd4 42. R2xc3 Rxc3 43. Rxc3 Rxd5 44. Rc4 g5 45. Re4 Kg6 46. Re6+ Kh5 47. Ke2 Re5+ 48. Rxe5 dxe5 49. Kf2 Kg6 50. Ke2 Kf6 51. Kd2 Kf5 52. Kd3 h5 53. Ke2 e4 54. fxe4+ Kxe4 55. Kf2 g4 56. hxg4 hxg4 57. Ke2 g3 58. Ke1 Kd3 59. Kf1 Kd2 60. Kg1 Ke1 61. Kh1 f3 62. gxf3 Kf1 0-1

[Event "LIB-ch 41st"]
[Site "Beirut"]
[Date "2015.12.08"]
[Round "11"]
[White "Bassel, Charaf"]
[Black "Najjar, Ahmad"]
[Result "1/2-1/2"]
[WhiteElo "2111"]
[BlackElo "2243"]
[PlyCount "61"]
[EventDate "2015.11.25"]
[EventType "tourn"]
[EventRounds "11"]
[EventCountry "LBN"]
[SourceTitle "EXT 2017"]
[Source "ChessBase"]
[SourceDate "2016.10.25"]
[SourceVersion "1"]
[SourceVersionDate "2016.10.25"]
[SourceQuality "1"]

1. b3 Nf6 2. Bb2 d6 3. e3 g6 4. Bxf6 exf6 5. c4 Bg7 6. Nc3 0-0 7. g3 c6 8. Nge2 Na6 9. Bg2 Bf5 10. 0-0 Bd3 11. Re1 Nb4 12. Nf4 Bf5 13. e4 Bd7 14. a3 Na6 15. b4 f5 16. Rc1 fxe4 17. Nxe4 Bf5 18. d4 Bxe4 19. Bxe4 Qb6 20. c5 dxc5 21. dxc5 Qc7 22. Qf3 Rad8 23. Rcd1 Rxd1 24. Rxd1 Rd8 25. Rxd8+ Qxd8 26. Bxc6 bxc6 27. Qxc6 Nc7 28. b5 Be5 29. b6 Bxf4 30. gxf4 Qd1+ 31. Kg2 1/2-1/2

[Event "Beirut op 8th"]
[Site "Beirut"]
[Date "2015.09.24"]
[Round "6"]
[White "Kassis, Antoine"]
[Black "Bassel, Charaf"]
[Result "1/2-1/2"]
[WhiteElo "2162"]
[BlackElo "2136"]
[PlyCount "60"]
[EventDate "2015.09.19"]
[EventType "swiss"]
[EventRounds "9"]
[EventCountry "LBN"]
[SourceTitle "EXT 2016"]
[Source "ChessBase"]
[SourceDate "2015.10.08"]
[SourceVersion "1"]
[SourceVersionDate "2015.10.08"]
[SourceQuality "1"]

1. e4 e5 2. Nc3 Nf6 3. Bc4 Nxe4 4. Qh5 Nd6 5. Bb3 Be7 6. Nf3 Nc6 7. Nxe5 Nxe5 8. Qxe5 0-0 9. 0-0 Bf6 10. Qf4 Ne8 11. d4 c6 12. d5 c5 13. Ne4 d6 14. Nxf6+ Qxf6 15. Qxf6 Nxf6 16. Bf4 Rd8 17. c4 a6 18. Bc2 b5 19. b3 Bg4 20. Rfe1 Kf8 21. Bg5 h6 22. Bxf6 gxf6 23. h3 Bd7 24. Re3 Re8 25. Rf3 Re2 26. Rc1 Kg7 27. Rg3+ Kf8 28. Rf3 Kg7 29. Rg3+ Kf8 30. Rf3 Kg7 1/2-1/2

[Event "Beirut op 8th"]
[Site "Beirut"]
[Date "2015.09.23"]
[Round "5"]
[White "Simantsev, Mikhail"]
[Black "Bassel, Charaf"]
[Result "1-0"]
[WhiteElo "2457"]
[BlackElo "2136"]
[PlyCount "139"]
[EventDate "2015.09.19"]
[EventType "swiss"]
[EventRounds "9"]
[EventCountry "LBN"]
[SourceTitle "EXT 2016"]
[Source "ChessBase"]
[SourceDate "2015.10.08"]
[SourceVersion "1"]
[SourceVersionDate "2015.10.08"]
[SourceQuality "1"]

1. d4 d5 2. c4 Nc6 3. Nc3 Nf6 4. Nf3 e6 5. e3 Bd6 6. a3 0-0 7. h3 b6 8. Bd3 Bb7 9. 0-0 dxc4 10. Bxc4 e5 11. d5 Ne7 12. e4 a6 13. Qe2 Bc8 14. Kh2 Ng6 15. g3 Qd7 16. Ng1 Re8 17. Bg5 Qe7 18. Rfe1 h6 19. Bd2 b5 20. Bd3 Bd7 21. a4 b4 22. Nd1 c6 23. dxc6 Bxc6 24. a5 Qb7 25. f3 Bc5 26. Ne3 Nf8 27. Rec1 Ne6 28. Nf5 Nd4 29. Nxd4 Bxd4 30. Be3 Red8 31. Bc4 Ne8 32. Rd1 Bxe3 33. Qxe3 Nd6 34. Bb3 Nb5 35. Ne2 Qe7 36. Qb6 Be8 37. Rac1 Kh7 38. Kg2 f6 39. Rd5 Rdb8 40. Qc5 Qxc5 41. Rdxc5 Rd8 42. Bd5 Rab8 43. f4 Nd6 44. fxe5 fxe5 45. Ng1 Bg6 46. Kf3 Nb5 47. Ke3 Nd4 48. Nf3 Nxf3 49. Kxf3 Be8 50. Rc7 Bb5 51. Re7 Re8 52. Rcc7 Rxe7 53. Rxe7 Rc8 54. Rb7 Rc5 55. Rb6 Bf1 56. h4 Rxa5 57. Bf7 g5 58. hxg5 hxg5 59. Kg4 Rb5 60. Rxa6 Rb7 61. Bg6+ Kh6 62. Rd6 Be2+ 63. Kf5 g4 64. Bf7+ Kg7 65. Bd5 Rc7 66. Rb6 Rc1 67. Rb7+ Kh6 68. Rb6+ Kg7 69. Kxe5 Rg1 70. Kf4 1-0